Religion Quiz

Random Religion or Letter Quiz

Bible Start-End Letter Trios Quiz Stats

 Plays Quiz Updated Jan 10, 2018

Challenge
Share
Tweet
Embed
Score 0/9 Timer 02:00
0 Plays Today
Hint Answer % Correct
P-SPsalms
91.3%
C-SCorinthians (1 & 2)
84.6%
E-SExodus
76%
P-SProverbs
72.5%
E-SEphesians
70.5%
C-SColossians
67.6%
E-SEcclesiastes
67.3%
P-SPhilippians
60%
C-SChronicles (1 & 2)
58.5%

You're not logged in!

Compare scores with friends on all Sporcle quizzes.
Join for Free
OR
Log In

You Might Also Like...

Show Comments

Extras

Top Quizzes Today


Score Distribution

Your Account Isn't Verified!

In order to create a playlist on Sporcle, you need to verify the email address you used during registration. Go to your Sporcle Settings to finish the process.

Report this User

Report this user for behavior that violates our Community Guidelines.

Details: